| 000 | 01183nam0a22002771 4500 | ||
|---|---|---|---|
| 001 | rc\4986653 | ||
| 005 | 20260407180131.0 | ||
| 021 |
_aRU _b68-25825 |
||
| 021 |
_aRU _bРг3203-68 |
||
| 035 | _a(NLR Aleph) 008970295 | ||
| 090 |
_a9120396 _c9120396 |
||
| 100 | _a20130430d1968 |||y0rusy50 ca | ||
| 101 | 0 | _arus | |
| 102 | _aRU | ||
| 105 | _ay z ||||| | ||
| 200 | 1 |
_aО системе ведения животноводства в Киргизской ССР _eТезисы доклада на Респ. совещании специалистов сел. хоз-ва Кирг. ССР _fМ-во с. х. Кирг. ССР |
|
| 210 |
_aФрунзе _cБ. и. _d1968 |
||
| 215 |
_a19 с. _d20 |
||
| 300 | _aПеред загл. авт.: Р.Э. Садыков, канд. с.-х. наук | ||
| 700 | 1 |
_aСадыков _bР.Э. _gРысбек Эсенкулович |
|
| 712 | 1 | 2 |
_aКиргизское республиканское совещание специалистов сельского хозяйства _f1967 _eФрунзе _3RU\NLR\AUTH\8810114363 _9728090 |
| 801 | 0 |
_aRU _bNLR _gpsbo |
|
| 801 | 1 |
_aRU _bELAR _2rusmarc |
|
| 852 |
_aNLR _j68-4/8605 |
||
| 942 | _cBOOK | ||
| 980 | _aNB | ||